Genitorialità come bene di tutti. Percorsi di condivisione e responsabilità nella comunità locale (Record n. 209124)
[ formato base ]
| 000 -LEADER | |
|---|---|
| fixed length control field | 00936nam a2200205Ia 4500 |
| 001 - CONTROL NUMBER | |
| control field | dg77-35222 |
| 003 - CONTROL NUMBER IDENTIFIER | |
| control field | IT-MiCISF |
| 008 - FIXED-LENGTH DATA ELEMENTS--GENERAL INFORMATION | |
| fixed length control field | 161014s9999||||xx |||||||||||||| ||und|| |
| 040 ## - CATALOGING SOURCE | |
| Original cataloging agency | IT-MiCISF |
| Transcribing agency | IT-MiCISF |
| 041 ## - LANGUAGE CODE | |
| Language code of text/sound track or separate title | it |
| 999 ## - SYSTEM CONTROL NUMBERS (KOHA) | |
| Koha Dewey Subclass [OBSOLETE] | si |
| 100 ## - MAIN ENTRY--PERSONAL NAME | |
| Personal name | AA.VV. |
| 245 #0 - TITLE STATEMENT | |
| Title | Genitorialità come bene di tutti. Percorsi di condivisione e responsabilità nella comunità locale |
| Remainder of title | Atti del convegno, Bergamo, 17 febbraio 2001 |
| 250 ## - EDITION STATEMENT | |
| Edition statement | 1a ed. |
| 260 ## - PUBLICATION, DISTRIBUTION, ETC. (IMPRINT) | |
| Place of publication, distribution, etc. | Bergamo |
| Name of publisher, distributor, etc. | Provincia di Bergamo |
| Date of publication, distribution, etc. | 2002 |
| 300 ## - PHYSICAL DESCRIPTION | |
| Extent | pp. 239 |
| 500 ## - GENERAL NOTE | |
| General note | Gruppo di studio "Genitori e genitorialità" (a cura di) - Bettoni V., Speranza B., Gherardi S., Callone A., Carminati L., Nilges F., Belotti L., Marchesi M.C., Testa B., Zara S., Pietropolli Charmet G., Torrese E., Nicoli C., Assi E., Maurizio R.... / genitorialità, società, educazione-genitori, servizi-sociali, esperienze / documento |
| 650 ## - SUBJECT ADDED ENTRY--TOPICAL TERM | |
| Topical term or geographic name as entry element | genitorialità |
| 942 ## - ADDED ENTRY ELEMENTS (KOHA) | |
| Koha item type | LIBRO |
| 957 ## - | |
| -- | 1 |
| 999 ## - SYSTEM CONTROL NUMBERS (KOHA) | |
| -- | 1 |
| Withdrawn status | Lost status | Damaged status | Not for loan | Home library | Current library | Date acquired | Total Checkouts | Full call number | Date last seen | Price effective from | Koha item type | Public note |
|---|---|---|---|---|---|---|---|---|---|---|---|---|
| Buone Condizioni | Not For Loan | CISF - Milano | CISF - Milano | 14/10/2016 | dg77-35222 | 14/10/2016 | 14/10/2016 | LIBRO | Data import 15.10.2016 / by Epidotti, Vaglietti |